| 000 | 00606nam a2200181Ia 4500 | ||
|---|---|---|---|
| 005 | 20250423095512.0 | ||
| 008 | 250422s9999 xx 000 0 und d | ||
| 020 | _a9780130125064 | ||
| 050 | _aTA 337 .Q63/ | ||
| 100 | _aQian, Xuede | ||
| 245 | 0 | _aGeotechnical aspects of landfill construction and design | |
| 260 | _aNew Jersey | ||
| 260 | _bPrentice- Hall | ||
| 260 | _c2002 | ||
| 300 | _a717 p | ||
| 650 | _a Sanitary landfills--Design and construction. Sanitary landfills--Linings. Landfill final covers. Geosynthetics. Soil mechanics. Soil permeability. | ||
| 942 | _cBK | ||
| 999 |
_c30466 _d30466 |
||